Statistics for Cities in Squares on a Map - Asia

Click here to take the quiz!

General Stats

  • This quiz has been taken 505 times
  • The average score is 43 of 64

Answers on the Map

Answers color-coded by a green-red scale on the quiz's map according to % correct below.
 

Answer Stats

City% Correct
Beijing
97%
Tokyo
97%
Istanbul
96%
Delhi
95%
Seoul
95%
Shanghai
94%
Jakarta
93%
Manila
93%
Bangkok
92%
Mumbai
92%
Dhaka
90%
Guangzhou
90%
Taipei
90%
Tehran
90%
Ankara
88%
Dubai
88%
Ho Chi Minh City
87%
Kabul
87%
Riyadh
87%
Baghdad
86%
Karachi
85%
Singapore
83%
Ulaanbaatar
83%
Amman
82%
Sana'a
82%
Damascus
81%
Nursultan
80%
Kuwait
78%
Baku
77%
Colombo
76%
Wuhan
76%
Doha
75%
Tashkent
75%
Chennai
74%
Kuala Lumpur
74%
Xi'an
74%
Sapporo
72%
Bengaluru
71%
Chengdu
71%
Tbilisi
71%
Islamabad
70%
Urumqi
69%
Izmir
66%
Almaty
65%
Jeddah
65%
Tianjin
64%
Surabaya
55%
Shenyang
48%
Kunming
42%
Lucknow
41%
Mashhad
41%
Mandalay
40%
Davao
35%
Zhengzhou
35%
Changchun
31%
Makassar
30%
Nagpur
28%
Quetta
28%
Sendai
27%
Qiqihar
19%
Yogyakarta
19%
Kumamoto
16%
Guwahati
9%
Pekanbaru
5%

Score Distribution

Percentile by Number Answered

Percent of People with Each Score

Your Score History

You have not taken this quiz